[Event "Bydgoszcz op U20"]
[Site "Bydgoszcz"]
[Date "2008.01.28"]
[Round "3"]
[White "Marks, Piotr"]
[Black "Licznerski, Lukasz"]
[Result "1/2-1/2"]
[WhiteElo "1773"]
[BlackElo "1829"]
[PlyCount "63"]
[EventDate "2008.01.28"]
[EventType "swiss"]
[EventRounds "9"]
[EventCountry "POL"]
[SourceTitle "EXT 2010"]
[Source "ChessBase"]
[SourceDate "2010.11.25"]
[SourceVersion "1"]
[SourceVersionDate "2010.11.25"]
[SourceQuality "1"]

1. d4 Nf6 2. c4 c5 3. Nf3 e6 4. Nc3 a6 5. Bg5 cxd4 6. Nxd4 h6 7. Bh4 Nc6 8. Nxc6 bxc6 9. e4 Bb4 10. Bd3 Qa5 11. Bxf6 gxf6 12. Qc2 Bxc3+ 13. Qxc3 Qxc3+ 14. bxc3 Rb8 15. 0-0-0 Ke7 16. Kc2 d6 17. Rb1 Rxb1 18. Rxb1 c5 19. Kd2 Kd7 20. Bc2 Kc7 21. g3 e5 22. Ke3 Be6 23. Bd3 Rg8 24. Rb2 Rg7 25. Rc2 Rg8 26. Rb2 Rg7 27. a4 a5 28. Rb1 Bd7 29. Bc2 Rg8 30. Rb2 Be6 31. Bd3 Bd7 32. Bc2 1/2-1/2

[Event "POL-chT3 0607"]
[Site "Poland"]
[Date "2006.11.26"]
[Round "3.17"]
[White "Jaroch, Pawel"]
[Black "Marks, Piotr"]
[Result "1-0"]
[WhiteElo "2173"]
[BlackElo "1629"]
[PlyCount "51"]
[EventDate "2006.11.12"]
[EventType "team-tourn"]
[EventRounds "11"]
[EventCountry "POL"]
[SourceTitle "EXT 2009"]
[Source "ChessBase"]
[SourceDate "2008.11.26"]
[SourceVersion "1"]
[SourceVersionDate "2008.11.26"]
[SourceQuality "1"]

1. e4 c6 2. Nc3 d5 3. Nf3 Bg4 4. h3 Bxf3 5. Qxf3 Nf6 6. Be2 dxe4 7. Nxe4 Nbd7 8. d4 Nxe4 9. Qxe4 Nf6 10. Qd3 e6 11. 0-0 Bd6 12. c4 0-0 13. Bg5 c5 14. Rfd1 cxd4 15. Qxd4 Be7 16. Bf3 Qxd4 17. Rxd4 Rad8 18. Rxd8 Rxd8 19. Bxb7 Rb8 20. Bf3 Rxb2 21. Be3 Rc2 22. Rb1 Rxa2 23. Rb8+ Bf8 24. c5 Rc2 25. Ra8 g6 26. Bh6 1-0

[Event "Przysiek U16"]
[Site "Przysiek"]
[Date "2006.09.24"]
[Round "1"]
[White "Grodzicki, Tomasz"]
[Black "Marks, Piotr"]
[Result "0-1"]
[WhiteElo "100"]
[BlackElo "1641"]
[PlyCount "124"]
[EventDate "2006.09.24"]
[EventType "swiss"]
[EventRounds "9"]
[EventCountry "POL"]
[SourceTitle "EXT 2009"]
[Source "ChessBase"]
[SourceDate "2008.11.26"]
[SourceVersion "1"]
[SourceVersionDate "2008.11.26"]
[SourceQuality "1"]

1. e4 c6 2. d4 d5 3. Nc3 dxe4 4. Bc4 Bf5 5. Be3 Nf6 6. Nge2 e6 7. Ng3 Nbd7 8. Qd2 Nb6 9. Bb3 Be7 10. 0-0-0 a5 11. a4 Bb4 12. Bg5 Nbd5 13. Bxd5 cxd5 14. Qe3 Bxc3 15. Qxc3 h6 16. Bxf6 Qxf6 17. Qc5 Qd8 18. h3 Bg6 19. Rhe1 Qd7 20. Kd2 Qc6 21. Qxc6+ bxc6 22. Rb1 0-0 23. b4 axb4 24. Rxb4 c5 25. dxc5 Rfc8 26. Ra1 Rxc5 27. Ra2 e5 28. c3 f6 29. Rab2 Rca5 30. Rb8+ Rxb8 31. Rxb8+ Kh7 32. Rd8 Bf7 33. Rd7 Kg6 34. h4 Be6 35. Re7 Ra6 36. a5 Bg4 37. h5+ Kh7 38. f3 exf3 39. gxf3 Bh3 40. Ke3 Rxa5 41. Rb7 Ra3 42. Kd2 Ra2+ 43. Ke3 Rg2 44. Ne2 Rg5 45. Rb5 Be6 46. Rb6 Bg8 47. Rb7 Rxh5 48. Ng3 Rg5 49. Kf2 Be6 50. Rb6 Bh3 51. Rd6 h5 52. Rxd5 h4 53. Ne4 Rg2+ 54. Ke3 Bf5 55. c4 Be6 56. Rc5 h3 57. Nf2 h2 58. Rc6 Bf5 59. Rb6 Rxf2 60. Rb8 Ra2 61. c5 h1Q 62. c6 Qe1# 0-1